| 000 | 00615nam a22002417a 4500 | ||
|---|---|---|---|
| 003 | UA-OsUOA | ||
| 001 | 22470 | ||
| 007 | ta | ||
| 008 | 20031220b un ||||| |||| 00| 0 ukr d | ||
| 100 | _aАстахов И.Б. | ||
| 090 |
_a18 _bА91 |
||
| 942 | _cBK | ||
| 040 |
_aUA-OsUOA _brus _cUA-OsUOA _dUA-OsUOA |
||
| 245 | _aЧто такое эстетика? Эстетика как наука | ||
| 300 | _a112 с. | ||
| 955 | _a0 | ||
| 041 | _arus | ||
| 080 | _a18 | ||
| 260 |
_aМосква _bИзд.Московского унивеситета _c1962 |
||
| 044 | _aRU | ||
| 650 | 7 | _2UDC | |
| 999 |
_c308690 _d308690 |
||